000 00756cam a2200241 4500
001 3316
003 BD-RjUL
005 20211208233718.0
008 131218s19511951ctu b 001 0 eng
035 _a(BD-RjUL)3350
040 _aDLC
_cDLC
_dBD-RjUL
_dDLC
_beng
041 _aeng
082 0 0 _a336.200942
_bMIT 1951
100 1 _aMitchell, Sydney Knox.
_910443
245 1 0 _aTaxation in medieval England /
_cEdited by Sidney Painter.
260 _aLondon :
_bOxford University Press,
_cc1951.
300 _a413 p. :
_c23 cm.
504 _aIncludes Index & bibliographical references.
650 0 _aTaxation
_zEngland
_xHistory
_yTo 1500.
_910444
651 0 _aEngland
_xEconomic conditions
_y1066-1485.
_910445
942 _2ddc
_cBK
999 _c3316
_d3316